00375nam a2200133Ia 4500008004100000041000800041082001800049100002200067245005800089250000600147260006100153300001300214650001400227210716s1991 xx 000 0 und d aeng a005.2631 TAXR aTaxali, Ravi Kant aWordstar professional 4.0: made simple.bMade simple. a1 aNew DelhibTata McGraw Hill Publishing Company Ltdc1991 axvii,285 aMS Office